Gestión local Ambiental, un compromiso principal (Registro nro. 4158)

Detalles MARC
000 -CABECERA
Campo de control 00918nam a2200253 a 4500
005 - FECHA Y HORA DE LA ULTIMA TRANSACCION
Campo de control 20151112020002.0
008 - ELEMENTOS DE LONGITUD FIJA—INFORMACION GENERAL
Campo de control 140122b2004 ck ||||| |||| 00| 0 spa d
040 ## - FUENTE DE CATALOGACIÓN
Agencia catalogadora original CO-BoIAVH
Agencia transcriptora CO-BoIAVH
041 ## - IDIOMA
Código de idioma para texto/pista de sonido o título separado Español
044 ## - PAÍS DE PUBLICACIÓN
País de publicación Colombia
090 ## - CLASIFICACIÓN LOCAL
Colección IAVH
Consecutivo 00287
100 ## - ASIENTO PRINCIPAL--NOMBRE PERSONAL
Nombre personal Arango, Diego
245 ## - MENCION DE TITULO
Título Gestión local Ambiental, un compromiso principal
Parte restante del título cartilla para el fortalecimiento de la gestión participativa alrededor de la cuenca del río Cane-Iguaque
260 ## - PUBLICACION, DISTRIBUCION, ETC. (PIE DE IMPRENTA)
Lugar de publicación, distribución, etc. Bogotá
Nombre del editor, distribuidor, etc. Alcaldía de Villa de Leyva
-- Consejo Ambiental de Villa de Leyva
-- UAESPNN
-- Instituto Alexander von Humboldt
Fecha de publicación, distribución, etc. 2004
300 ## - DESCRIPCION FISICA
Extensión 45 p.
651 ## - ASIENTO SECUNDARIO DE MATERIA - NOMBRE GEOGRAFICO
Nombre geográfico Colombia
Subdivisión geográfica Cuenca Río Cane-Iguaque
700 ## - ASIENTO SECUNDARIO - NOMBRE PERSONAL
Nombre personal Murillo, Xatlí
700 ## - ASIENTO SECUNDARIO - NOMBRE PERSONAL
Nombre personal Hernández, Sara
700 ## - ASIENTO SECUNDARIO - NOMBRE PERSONAL
Nombre personal Ruíz, Cesar Agusto
700 ## - ASIENTO SECUNDARIO - NOMBRE PERSONAL
Nombre personal Vargas, Nancy
700 ## - ASIENTO SECUNDARIO - NOMBRE PERSONAL
Nombre personal Murtinho, Felipe
942 ## - ELEMENTOS ADICIONALES (KOHA)
Tipo de ítem Libro
Sistema de clasificación Local
Koha issues (borrowed), all copies 1
945 ## - PROCESAMIENTO LOCAL
AAAA-MM-DD - Fecha de ingreso o modificacion 2004-09-28
Existencias
Withdrawn status Lost status Sistema de Clasificación Damaged status No para préstamo Colección Inventariado Ubicación Permanente Ubicación actual Fecha de adquisición Fuente de Valor Valor Total Checkouts Número topográfico Inventario / Código de Barras Date last seen Ejemplar Price effective from Forma de adquisición Tipo de material Date checked out
    Dewey Decimal Classification     Humboldt   Bogotá Bogotá 28/09/2004 CID Humboldt     IAVH-333.9116 A66g 016716 04/12/2012 Ej. 1 04/12/2012 Institucional Libro  
    Dewey Decimal Classification     Humboldt   Bogotá Bogotá 28/09/2004 CID Humboldt     IAVH-333.9116 A66g 016717 04/12/2012 Ej. 2 04/12/2012 Institucional Libro  
    Dewey Decimal Classification     Humboldt   Bogotá Bogotá 28/09/2004 CID Humboldt   1 IAVH-333.9116 A66g 016718 26/11/2015 Ej. 3 04/12/2012 Institucional Libro 11/11/2015
    Dewey Decimal Classification     Humboldt Inventariado 2017 Sala Fabio Quevedo Sala Fabio Quevedo 18/07/2014 Instituto 30000.00   IAVH-333.9116 A66g 016715 04/12/2012 Ej. 4 04/12/2012 Institucional Libro  
    Local     Humboldt Inventariado 2017 Villa de Leyva Villa de Leyva 28/09/2004 Instituto 30000.00   IAVH-00287 016714 18/09/2014 Ej. 2 04/12/2012 Institucional Libro